| 000 | 00881nam a2200313 a 4500 | ||
|---|---|---|---|
| 001 | 000114550 | ||
| 003 | CHAP | ||
| 005 | 20220329144445.0 | ||
| 008 | 180302s1982 sp a |r| |||0|||spa d | ||
| 010 | _a111011 | ||
| 011 | _a111983 | ||
| 020 | _a84-205-0685-0 (vol. V) | ||
| 020 | _a8420506877 (obra completa) | ||
| 040 | _cCHAP | ||
| 082 | 0 | 4 |
_a574 _bI56 1982 |
| 245 | 0 | 0 |
_aIniciación al mundo científico, biología / _cpor Francisco Espinosa ...[et al.]. |
| 250 | _a3 ed. | ||
| 260 |
_aMadrid : _bAlhambra, _c1982. |
||
| 300 |
_a370 p. : _bil. |
||
| 490 | 1 | _aProyecto MT-62 Alhambra | |
| 590 |
_aE11695DGD _b10 _c20180305 _lUCH01 _h1326 |
||
| 590 |
_aE6096MTM _b05 _c20180302 _lUCH01 _h1346 |
||
| 650 | 1 | 4 |
_aBiología. _912773 |
| 700 | 1 |
_aEspinosa, Francisco _9134664 |
|
| 830 | 0 |
_aProyecto MT-62 Alhambra _9134597 |
|
| 901 | _aBK | ||
| 942 | _cLIBRO | ||
| 942 | _n0 | ||
| 999 |
_c111011 _d111011 |
||